Antología (notice nᵒ 2436)
[ vue normale ]
| 000 -Sello discográfico | |
|---|---|
| campo de control de longitud fija | 00739nam a2200265 4500 |
| 005 - Identificación de versión | |
| campo de control | 20251016083316.0 |
| 035 ## - Otros números de control del sistema | |
| Número de control del sistema | 23278 |
| 099 ## - fechas locales | |
| Tipo de ítem Koha | LIBRO |
| 100 ## - Datos de procesamiento general | |
| Datos de procesamiento general | 19980106d1947 m y1spay5003 ba |
| 105 ## - Campo de datos codificados: Material textual, monográfico | |
| Datos codificados de monografía | a 001zy |
| 200 1# - Título y mención de responsabilidad | |
| Título propio | Antología |
| Designación general del material | texto impreso |
| Primer mención de responsabilidad | Justo Sierra Méndez |
| 210 ## - Publicación, distribución, etc. | |
| Lugar de publicación, distribución, etc. | México |
| Nombre del editor, distribuidor, etc. | Gobierno del Estado de Campeche |
| Fecha de publicación, distribución, etc. | 1947 |
| 215 ## - Descripción física | |
| Designación de material específico y extensión del ítem | 307 p |
| Dimensiones | 24 cm |
| 345 ## - Nota de información de adquisición | |
| Fuente de adquisición/dirección de la suscripción [OBSOLETO] | Donación |
| 606 ## - Término temático usado como materia | |
| Elemento de entrada | Literatura mexicana |
| Subdivisión cronológica | Siglo XIX |
| Número Koha | 5619 |
| 660 ## - Código de área geográfica | |
| Código | MX |
| 700 ## - Nombre personal - Responsabilidad primaria | |
| Elemento de entrada | Sierra Méndez |
| Parte del nombre distinta del elemento de entrada | Justo |
| Fechas | 1848-1912 |
| Número Koha | 4260 |
| 801 #0 - Fuente de origen | |
| Agencia | cm |
| 900 ## - | |
| -- | 1/15248 |
| 900 ## - | |
| -- | 710986815\\060198 |
| 942 ## - ELEMENTOS DE ENTRADA SECUNDARIOS (KOHA) | |
| Tipo de ítem Koha | Livre |
| 996 ## - | |
| -- | MEX |
| -- | 751145101 |
| -- | MMAG |
| -- | 009713 |
| -- | 868.3 S572AN |
| -- | 20240221LIV |
| Estatus retirado | Estado de daño | Estado de pérdida | Fecha de adquisición | Biblioteca de origen | Biblioteca actual | Ubicación en estantería | Código de barras | Precio de reemplazo | Signatura topográfica completa | No para préstamo | Tipo de ítem Koha | Nota pública | Nota no pública |
|---|---|---|---|---|---|---|---|---|---|---|---|---|---|
| 05/08/2025 | Casa México Paris | Casa México Paris | 009713 | 05/08/2025 | 868.3 S572AN | Livre | 20240221LIV | 751145101 |